000 00615nam a22002177a 4500
003 DO-SdBNP
005 20220614111152.0
007 ta
008 210825e2018 dr a|||er|||| 001 0 spa d
020 _a9789945906462
040 _aDO-SdBNP
_bspa
_cBNPHU
041 _hspa
082 4 _222
100 1 _aRamírez, Marleni
_979572
245 1 3 _aDecide, aprende y emprende /
_bMarleni Ramírez.
246 2 4 _aGuía para emprender tu idea de negocio con éxito
260 _aSanto Domingo :
_bBien-etre Media Group,
_c2018
300 _a126 p.:
_bil.;
_c19 cm
590 _aInventariado 2021 / FM
942 _2ddc
_cLBS1
999 _c50278
_d50278